Manchester City - Tous les joueurs (2020-) - Statistiques

Statistiques générales
  • Ce quiz a été pris 708 fois
    451 depuis la dernière actualisation
  • Le résultat moyen est 28 sur 43
Statistiques - réponses
Saisons Nationalité Joueur Nb de matchs % Correct
2020- Belgique Kevin De Bruyne 102
100%
2020- Brésil Ederson 139
99%
2022- Norvège Erling Haaland 63
99%
2020- Portugal Bernardo Silva 125
97%
2020-2023 Algérie Riyad Mahrez 85
97%
2020- Espagne Rodri 134
96%
2020- Portugal Ruben Dias 113
95%
2020- Pays-Bas Nathan Aké 77
93%
2020- Angleterre Phil Foden 121
93%
2020-2023 Allemagne Ilkay Gündogan 86
92%
2020- Angleterre Kyle Walker 100
90%
2020- Angleterre John Stones 75
89%
2022- Suisse Manuel Akanji 56
89%
2023- Croatie Mateo Kovacic 27
87%
2022- Argentine Julian Alvarez 64
86%
2020-2022 Ukraine Oleksandr Zinchenko 35
86%
2020-2023 Portugal Joao Cancelo 86
84%
2023- Croatie Josko Gvardiol 25
84%
2021- Angleterre Jack Grealish 74
83%
2023- Belgique Jérémy Doku 26
82%
2020-2022 Brésil Gabriel Jesus 57
74%
2020-2022 Angleterre Raheem Sterling 61
73%
2020-2022 Brésil Fernandinho 40
69%
2022- Allemagne Stefan Ortega 10
69%
2023- Norvège Oscar Bobb 13
67%
2020-2024 Espagne Aymeric Laporte 62
66%
2024- Portugal Matheus Nunes 17
66%
2020-2021 Argentine Sergio Agüero 12
64%
2022- Angleterre Rico Lewis 29
63%
2020-2022 France Benjamin Mendy 14
62%
2021-2024 Angleterre Cole Palmer 19
59%
2020-2022 Espagne Ferran Torres 28
44%
2022-2024 Angleterre Kalvin Phillips 16
43%
2020-2021 Angleterre Scott Carson 1
40%
2022- Espagne Sergio Gomez 18
35%
2021-2022, 2023-2024 Angleterre James McAtee 3
27%
2020-2021 Espagne Eric Garcia 9
22%
2020-2022 Etats-Unis Zack Steffen 2
22%
2020-2022 Angleterre Liam Delap 2
12%
2022-2023 Argentine Maximo Perrone 1
11%
2021-2022 Brésil Kayky 1
9%
2021-2022 Angleterre CJ Egan-Riley 1
4%
2022-2023 Irlande du Nord Shea Charles 1
4%
Aucun quiz correspondant
Distribution des résultats
% des personnes avec chaque résultat
Percentile par nombre de réponses
Votre historique - résultats
Vous n’avez pas pris ce quiz depuis la dernière actualisation